000 01561nam a2200229Ia 4500
003 Ost
005 20260507075604.0
008 260507s9999||||xx |||||||||||||| ||und||
020 _a9772323354
040 _cfsecg
041 _aara
082 _a338.88
100 _aالسيسي، صلاح الدين حسن
_eمؤلف
245 0 _aالشركات متعددة الجنسيات وحكم العالم :
_bتطوير وربط البورصات العربيةوتأسيس البورصة العربية الموحدة /
_c صلاح الدين حسن السيسي
260 _aالقاهرة:
_bعالم الكتب,
_c2003
300 _a118 صفحة؛
_c24 سم
490 _aدراسات نظرية وتطبيقية
520 _a1-اهم السمات،والقطاعات-اقتصاد السوق،والعدالة الاجتماعية-التحديات سبل المواجهة-تعاظم الدور الاقتصادي عالميا-الشركات متعددة الجنسيات،وحكم العالم- الشركات متعددة الجنسيات،والوطن العربي-2-واقع البورصات العربية،والبورصة العربية الموحدة-تطور مناخ الاستثمار في الوطن العربي الاستثمار الأجنبي المباشر في الدول النامية-واقع الاسواق المالي العربية-عقبات تطوير وربط الأسواق المالية العربية -صناع السوق.
653 _aالبورصات
653 _aالشركات الدولية
942 _cكتاب
999 _c45032
_d45032